Logo BPK

Biblioteka

Politechniki Koszalińskiej

Podróże z Herodotem / (Rekord nr 54910)

Szczegóły MARC
000 -ETYKIETA REKORDU
podpole kontrolne o stałej długości 01414nam a2200385 i 4500
001 - NUMER KONTROLNY REKORDU
pole kontrolne bg
020 ## - MIĘDZYNARODOWY ZNORMALIZOWANY NUMER KSIĄŻKI - ISBN
ISBN 9788375521221
020 ## - MIĘDZYNARODOWY ZNORMALIZOWANY NUMER KSIĄŻKI - ISBN
ISBN 9788375521276 (seria)
040 ## - ŹRÓDŁO KATALOGOWANIA
Instytucja, która utworzyła rekord BPK
041 0# - KOD JĘZYKA
Kod języka tekstu pol
Kod języka oryginału swe
044 ## - KOD KRAJU WYDAWCY/PRODUCENTA
Kod kraju wydawcy/producenta POL
080 ## - UNIWERSALNA KLASYFIKACJA DZIESIĘTNA - UKD
UKD 913(100)"1945/...":930.1(38)"04"(091)A/Z
920 ## - Międzynarodowy znormalizowany numer książki – ISBN
ISBN 978-83-7552-122-1
920 ## - Międzynarodowy znormalizowany numer książki – ISBN
ISBN 978-83-7552-127-6 (seria)
008 - POLE O STAŁEJ DŁUGOŚCI - DANE KONTROLNE
podpole kontrolne o stałej długości s pl f |000 0 pol
100 0# - NAZWA OSOBOWA
Nazwa osobowa Kapuściński, Ryszard
Daty związane z nazwą (1932-2007).
245 00 - TYTUŁ/ODPOWIEDZIALNOŚĆ
Tytuł Podróże z Herodotem /
Pozostałe elementy strefy tytułu i oznaczenia odpowiedzialności Ryszard Kapuściński.
250 ## - STREFA WYDANIA
Oznaczenie wydania Wyd. 2.
260 ## - STREFA ADRESU WYDAWNICZEGO
Miejsce wydania Warszawa :
Nazwa wydawcy/dystrybutora Agora,
Data publikacji, dystrybucji/powstania dokumentu 2008.
300 ## - STREFA OPISU FIZYCZNEGO
Objętość 209, [4] s. ;
Rozmiary 22 cm.
490 1# - STREFA SERII I DOKUMENTU WIELOCZĘŚCIOWEGO - FORMA NIE DO WYSZUKIWANIA
Tytuł i oznaczenie odpowiedzialności serii Kolekcja wybranych dzieł Ryszarda Kapuścińskiego / pod red. Bożeny Dudko i Mariusza Szczygła ;
-- Biblioteka Gazety Wyborczej
Numeracja w obrębie serii t. 12
490 1# - STREFA SERII I DOKUMENTU WIELOCZĘŚCIOWEGO - FORMA NIE DO WYSZUKIWANIA
Tytuł i oznaczenie odpowiedzialności serii Biblioteka Gazety Wyborczej
546 ## - UWAGA O JĘZYKU
Uwaga o języku Tekst częśc. tł. ze szw.
600 09 - HASŁO PRZEDMIOTOWE W FORMIE NAZWY OSOBOWEJ
Nazwa osobowa Herodotus
Daty związane z nazwą (ca 485-ca 425 a.C)
Tytuł dzieła Historiai
650 #9 - HASŁO PRZEDMIOTOWE W FORMIE NAZWY OGÓLNEJ LUB JEDNOSTKOWEJ
Nazwa ogólna lub geograficzna Historiografia grecka
Określnik chronologiczny 5 w. p.n.e.
650 #9 - HASŁO PRZEDMIOTOWE W FORMIE NAZWY OGÓLNEJ LUB JEDNOSTKOWEJ
Nazwa ogólna lub geograficzna Podróżnictwo
Określnik chronologiczny od 1945 r.
650 #9 - HASŁO PRZEDMIOTOWE W FORMIE NAZWY OGÓLNEJ LUB JEDNOSTKOWEJ
Nazwa ogólna lub geograficzna Publicystyka polska
Określnik chronologiczny od 1944 r.
655 ## - TERMIN INDEKSOWY - OKREŚLENIE RODZAJU/FORMY DOKUMENTU
Określenie rodzaju/formy dokumentu Publicystyka
700 1# - HASŁO DODATKOWE - NAZWA OSOBOWA
Nazwa osobowa Dudko, Bożena
Daty związane z nazwą (1963- ).
Określenie związku między hasłem a opisywanym materiałem Red.
700 1# - HASŁO DODATKOWE - NAZWA OSOBOWA
Nazwa osobowa Szczygieł, Mariusz
Daty związane z nazwą (1966- ).
Określenie związku między hasłem a opisywanym materiałem Red.
800 1# - HASŁO DODATKOWE OPISU DOKUMENTU WIELOCZĘŚCIOWEGO - NAZWA OSOBOWA
Nazwa osobowa Kapuściński, Ryszard
Daty związane z nazwą (1932-2007).
Tytuł dzieła Kolekcja wybranych dzieł Ryszarda Kapuścińskiego
Oznaczenie tomu t. 12
830 ## - HASŁO DODATKOWE SERII LUB DOKUMENTU WIELOCZĘŚCIOWEGO - TYTUŁ UJEDNOLICONY
Tytuł ujednolicony Biblioteka Gazety Wyborczej
856 ## - LOKALIZACJA I DOSTĘP DO ELEKTRONICZNYCH DOKUMENTÓW ZDALNYCH
Link (URL) http://koha.tu.koszalin.pl/cgi-bin/koha/opac-detail.pl?biblionumber=54910
Tekst linku Katalog online BPK
942 ## - DODATKOWE ELEMENTY (KOHA)
Typ dokumentu Książka
Egzemplarze
Wycofany Status egzemplarza Uszkodzony Dostępność Lokalizacja stała Lokalizacja bieżąca Miejsce przechowywania Sygnatura Kod kreskowy Typ dokumentu
      Dostępny Biblioteka Politechniki Koszalińskiej Biblioteka Politechniki Koszalińskiej Wypożyczalnia BG 87298 02410838 Książka
© 2023 Biblioteka Politechniki Koszalińskiej :: KOHA